| 000 | 00971cam a2200313 a 4500 | ||
|---|---|---|---|
| 003 | CHAP | ||
| 005 | 20220329141900.0 | ||
| 008 | 980403d1991 mx r 00010 spa d | ||
| 010 | _a75238 | ||
| 011 | _a76210 | ||
| 035 | _a85789 | ||
| 040 | _cCHAP | ||
| 090 | _aFolleto 15008 | ||
| 100 | 0 | 0 |
_aCastrejón Diez, Jaime. _920295 |
| 245 | 1 | 4 |
_aLas bases filosóficas de la planeación _c/por Jaime Castrejón Diez |
| 260 |
_aMéxico, D. F. : _bCámara de Diputados. Comisión de Ciencia y Tecnología, _c1991. |
||
| 300 | _a17 h. | ||
| 500 | _aFotocopia | ||
| 590 |
_aBATCH-UPD _b10 _c20130110 _lUCH01 _h0932 |
||
| 590 |
_aBATCH-UPD _b10 _c20130410 _lUCH01 _h0551 |
||
| 590 |
_aBATCH-UPD _b10 _c20130914 _lUCH01 _h1407 |
||
| 590 |
_aCONVERSION _b10 _c20130109 _lUCH01 _h1341 |
||
| 650 | 1 | 4 |
_aFilosofía. _940890 |
| 650 | 1 | 4 |
_aPlaneación. _988697 |
| 901 | _aBK | ||
| 905 | _aLilia Sánchez G. | ||
| 942 | _cFOLL | ||
| 949 |
_aFolleto 15008 _bBC _cFOLL _d857891 _eTS1 _i85789 _sb |
||
| 999 |
_c75238 _d75238 |
||